Catálogo
 En Linea

Banca, deudores e instituciones : (Registro nro. 23308)

Detalles MARC
000 -CABECERA
campo de control de longitud fija 01025nam a2200253 a 4500
001 - NÚMERO DE CONTROL
campo de control 000023812
005 - FECHA Y HORA DE LA ÚLTIMA TRANSACCIÓN
campo de control 20240604202930.0
008 - DATOS DE LONGITUD FIJA--INFORMACIÓN GENERAL
campo de control de longitud fija 110113s1993 mx r 000 0 spa d
020 ## - NÚMERO INTERNACIONAL ESTÁNDAR DEL LIBRO
Número Internacional Estándar del Libro 9686599509
040 ## - FUENTE DE LA CATALOGACIÓN
Centro catalogador/agencia de origen DO-SdBNP
Lengua de catalogación spa
Centro/agencia transcriptor BNPHU
082 ## - NÚMERO DE LA CLASIFICACIÓN DECIMAL DEWEY
Número de clasificación 336.3435
Número de documento/Ítem L772b
100 1# - ENTRADA PRINCIPAL--NOMBRE DE PERSONA
Nombre de persona Lissakers, Karin,
9 (RLIN) 49017
240 10 - TÍTULO UNIFORME
Título uniforme Banks, borrowers, and the establishment.
Lenguaje de la obra Español.
245 10 - MENCIÓN DE TÍTULO
Título Banca, deudores e instituciones :
Resto del título análisis de las crisis en la deuda internacional /
Mención de responsabilidad, etc. Karin Lissakers ; traducción Ana Isabel Stellino edición María Elsa López Paniagua.
260 ## - PUBLICACIÓN, DISTRIBUCIÓN, ETC.
Lugar de publicación, distribución, etc. México, D.F. :
Nombre del editor, distribuidor, etc. Ediciones Gernika,
Fecha de publicación, distribución, etc. 1993.
300 ## - DESCRIPCIÓN FÍSICA
Extensión 377, [1] p. ;
Dimensiones 21 cm.
490 1# - MENCIÓN DE SERIE
Mención de serie Economía
Designación de volumen o secuencia 18
534 ## - NOTA SOBRE LA VERSIÓN ORIGINAL
Encabezamiento principal del original Título original en inglés:
Mención de título del original Banks, borrowers, and the establishment
650 #4 - PUNTO DE ACCESO ADICIONAL DE MATERIA--TÉRMINO DE MATERIA
Término de materia o nombre geográfico como elemento de entrada Deuda externa
Subdivisión geográfica América Latina
9 (RLIN) 9160
650 #4 - PUNTO DE ACCESO ADICIONAL DE MATERIA--TÉRMINO DE MATERIA
Término de materia o nombre geográfico como elemento de entrada Préstamos internacionales
9 (RLIN) 30424
650 #0 - PUNTO DE ACCESO ADICIONAL DE MATERIA--TÉRMINO DE MATERIA
Término de materia o nombre geográfico como elemento de entrada Finanzas internacionales
9 (RLIN) 7882
700 1# - PUNTO DE ACCESO ADICIONAL--NOMBRE DE PERSONA
Nombre de persona Stellino, Ana Isabel
Término indicativo de función/relación tr.
9 (RLIN) 6685
700 1# - PUNTO DE ACCESO ADICIONAL--NOMBRE DE PERSONA
Nombre de persona López Paniagua, María Elsa
Término indicativo de función/relación ed.
9 (RLIN) 44716
Existencias
Estado de retiro Estado de pérdida Restricciones de uso No para préstamo Código de colección Localización permanente Ubicación/localización actual Ubicación en estantería Fecha de adquisición Número de inventario Total de préstamos Signatura topográfica completa Código de barras Fecha visto por última vez Precio válido a partir de Tipo de ítem Koha
      Excluido de préstamo Monografías: Libros y Folletos General General Depósito 13.01.2011 LF1   336.3435 L772b 23812-10 25.06.2020 25.06.2020 No se presta

Con tecnología Koha